Cuenta con Katherine (Registro nro. 17332)

Detalles MARC
000 -LDR (LÍDER)
Campo de control de longitud fija 01331nam a2200337 a 4500
003 - IDENTIFICADOR DEL NÚMERO DE CONTROL
Campo de control CO-PeBPR
005 - FECHA Y HORA DE LA ÚLTIMA TRANSACCIÓN
Campo de control 20260413160928.0
007 - DESCRIPCIÓN FÍSICA CAMPO FIJO--INFORMACIÓN GENERAL
Campo de control de longitud fija ta
008 - ELEMENTOS DE DATOS DE LONGITUD FIJA--INFORMACIÓN GENERAL
Campo de control de longitud fija 231207s2023 ck a|||ar ||| 00| j|spa d
020 ## - Código Internacional normalizado para libros
Código Internacional normalizado para libros 9789588846873
040 0# - FUENTE DE CATALOGACIÓN
Agencia catalogadora original CO-PeBPR
Idioma de la agencia catalogadora spa
Norma para la descripción rda
Agencia que transcribe CO-PeBPR
041 0# - Código del Idioma
Código idioma del recurso original spa
082 04 - NÚMERO DE CLASIFICACIÓN DECIMAL DEWEY
Número de clasificación (i) 813 B395c
100 1# - ASIENTO PRINCIPAL--NOMBRE PERSONAL
Nombre personal Becker, Helaine
Fechas asociadas al nombre 1961-
Términos de relación autora
9 (RLIN) 279675
245 10 - MENCIÓN DE TÍTULO
Título propiamente dicho Cuenta con Katherine
Mención de responsabilidad / Helaine Becker ; ilustraciones de Dow Phumiruk ; traducción de Raquel Solà García
250 ## - MENCIÓN DE EDICIÓN
Mención de edición Edición especial
264 #1 - Área de la Producción Publicación, Distribución, Manufactura, etc.
Lugar de publicación, distribución, etc. Bogotá, Colombia
Nombre de la editorial, distribuidor, etc. : Alianza Distribuidora de Colombia
Fecha de publicación, distribución, etc. , 2023
300 ## - DESCRIPCIÓN FÍSICA
Extensión 40 páginas
Otros detalles físicos : ilustraciones a color
Dimensiones ; 29 centímetros
336 ## - Tipo de Contenido
Tipo de contenido texto
Código de tipo de contenido txt
337 ## - Tipo de Medio
Tipo de Medio sin mediación
Código de tipo de medio n
Fuente rdamedia
338 ## - Tipo de Soporte
Tipo de soporte volumen
Código de tipo de soporte nc
Fuente rdacarrier
521 ## - NOTA DE AUDIENCIA
Nota de audiencia Recomendado para un público infantil a partir de los 6 años
534 ## - NOTA DE VERSION ORIGINAL
Título del documento en el idioma original Counting on Katherine
600 14 - ASIENTO SECUNDARIO DE MATERIA - NOMBRE PERSONAL
Fuente del encabezado o término LEMB
Nombre personal Johnson, Creola Katherine
Subdivisión general Biografías
Fechas asociadas al nombre 1918 - 2020
9 (RLIN) 279676
650 14 - ASIENTO SECUNDARIO DE MATERIA - TÉRMINO TEMÁTICO
Fuente del encabezado o término LEMB
Encabezamiento temático Cuentos infantiles estadounidenses
Subdivisión cronológica Siglo XXI
9 (RLIN) 279677
650 14 - ASIENTO SECUNDARIO DE MATERIA - TÉRMINO TEMÁTICO
Fuente del encabezado o término LEMB
Encabezamiento temático Literatura infantil estadounidense
Subdivisión cronológica Siglo XXI
9 (RLIN) 279678
650 14 - ASIENTO SECUNDARIO DE MATERIA - TÉRMINO TEMÁTICO
Fuente del encabezado o término LEMB
Encabezamiento temático Libros ilustrados para niños
9 (RLIN) 16
700 1# - ASIENTO SECUNDARIO - NOMBRE PERSONAL
Nombre personal Solà García, Raquel
Término de relación, rol en la obra traductora
9 (RLIN) 279679
700 1# - ASIENTO SECUNDARIO - NOMBRE PERSONAL
Nombre personal Phumiruk, Dow
Término de relación, rol en la obra ilustrador
9 (RLIN) 279680
942 ## - ENTRADA DE ELEMENTOS AGREGADOS (KOHA
Fuente de clasificación o esquema de estantería. Dewey Decimal Classification
Tipo de ítem Literatura Infantil
Existencias
Estado de pérdida Fuente del sistema de clasificación o colocación Estado de daño No disponible para préstamo Colección Biblioteca de origen Biblioteca actual Ubicación en estantería Signatura topográfica completa Ejemplar Código de barras Tipo de ítem Fecha de adquisición Fuente de adquisición Total de pagos Fecha de la última vez visto
  Dewey Decimal Classification     Infantil Biblioteca Pública Municipal Isaías Naranjo Ríos Biblioteca Pública Municipal Isaías Naranjo Ríos Área Infantil C BEC10 Ej. 1 API01 - 3418 Literatura Infantil 16/02/2023 Dotación ministerio de cultura   06/02/2025
  Dewey Decimal Classification     Infantil Biblioteca Pública Municipal Juan XXIII Biblioteca Pública Municipal Juan XXIII Área Infantil C BEC10 Ej. 1 BAL02-4448 Literatura Infantil 18/02/2025 Ministerio de cultura   18/02/2025
  Dewey Decimal Classification     Infantil Sala de Patrimonio Bibliográfico y Documental - Biblioteca Departamental Sala de Patrimonio Bibliográfico y Documental - Biblioteca Departamental Área Infantil (i) 813 B395c Ej.1 RIBPD15302 Literatura Infantil 13/04/2026 Dotación MinCultura y BNC   13/04/2026